000
00238nam a2200097Ia 4500
008
230915s9999 xx 000 0 und d
050
_a
QA 152.2 .B535 2012
100
_a
BLITZER,ROBERT
245
0
_a
ALGEBRA AND TRIGONOMETRY
942
_c
BK
999
_c
185305
_d
185305